Conocimientos actuales sobre nutrición (Registro nro. 12976)
[ vista simple ]
| 000 -CABECERA | |
|---|---|
| Longitud fija campo de control | 00902cam a2200253 a 4500 |
| 003 - IDENTIFICADOR DELl NÚMERO DE CONTROL | |
| Identificador del número de control | OSt |
| 005 - FECHA Y HORA DE LA ÚLTIMA TRANSACCIÓN | |
| Fecha y hora de la última transacción | 20170824181502.0 |
| 008 - CÓDIGOS DE INFORMACIÓN DE LONGITUD FIJA | |
| Códigos de información de longitud fija | 980805s1996 dcua b i001 0 spa |
| 020 ## - NÚMERO INTERNACIONAL NORMALIZADO PARA LIBROS | |
| Número Internacional Normalizado para Libros (ISBN) | 0-944398-73-1 |
| 040 ## - FUENTE DE LA CATALOGACIÓN | |
| Centro transcriptor | BMC |
| 082 ## - NÚMERO DE LA CLASIFICACIÓN DECIMAL DEWEY | |
| Númeroo de clasificación | 613.2 |
| 245 10 - MENCIÓN DE TÍTULO | |
| Título | Conocimientos actuales sobre nutrición |
| Mención de responsabilidad, etc. | editores, Ekhard E. Ziegler y L. J. Filer, Jr |
| 250 ## - MENCIÓN DE EDICIÓN | |
| Mención de edición | 7ª ed |
| 260 ## - PUBLICACIÓN, DISTRIBUCIÓN, ETC. (PIE DE IMPRENTA) | |
| Lugar de publicación, distribución, etc. | Washington |
| Nombre del editor, distribuidor, etc. | Organización Panamericana de la Salud |
| -- | : Instituto Internacional de Ciencias de la Vida |
| Fecha de publicación, distribución, etc. | 1997 |
| 300 ## - DESCRIPCIÓN FÍSICA | |
| Extensión | XVI, 731 p. |
| Otras características físicas | il. |
| Dimensiones | 27 cm |
| 490 ## - MENCIÓN DE SERIE | |
| Mención de serie | Publicación científica / Organización Panamericana de la Salud |
| Designación de volumen o secuencia | 565 |
| 500 ## - NOTA GENERAL | |
| Nota general | Índice: p. 692-731 |
| 504 ## - NOTA DE BIBLIOGRAFÍA, ETC | |
| Nota de bibliografía, etc. | Bibliografía al final de cada capítulo |
| 594 ## - NOTA AL TÍTULO Y MENCIÓN DE RESPONSABIBLIDAD | |
| Nota Al Título Y Mención De Responsabilidad | Traducción de: Present knowledge in nutrition |
| 650 24 - PUNTO DE ACCESO ADICIONAL DE MATERIA - TÉRMINO DE MATERIA | |
| Término de materia o nombre geográfico como elemento inicial | Nutrición |
| 9 (RLIN) | 2745 |
| 700 1# - PUNTO DE ACCESO ADICIONAL - NOMBRE DE PERSONA | |
| Nombre de persona | Ziegler, Ekhard E. |
| 9 (RLIN) | 23774 |
| 700 1# - PUNTO DE ACCESO ADICIONAL - NOMBRE DE PERSONA | |
| Nombre de persona | Filer, Lloyd J. |
| 9 (RLIN) | 23775 |
| Títulos y otros términos asociados al nombre | Jr. |
| 942 ## - ENTRADA DE ELEMENTOS AGREGADOS (KOHA) | |
| Fuente de clasificaión o esquema | Dewey Decimal Classification |
| Koha [por defecto] tipo de item | 1- Monografias |
| Suprimido | Perdido | Fuente de clasificación o esquema | Estropeado | Restricciones de uso | No para préstamo | Código de colección | Localización permanente | Localización actual | Localización en estanter&íacute;as | Fecha adquisición | Fuente de adquisición | Número de inventario | Préstamos totales | Renovaciones totales | Signatura completa | Código de barras | Fecha última consulta | Fecha último préstamo | Coste, precio reemplazado | Fecha del precio de reemplazo | Tipo de item de Koha |
|---|---|---|---|---|---|---|---|---|---|---|---|---|---|---|---|---|---|---|---|---|---|
| NULL | NULL | Dewey Decimal Classification | NULL | Prestable | NULL | NULL | Biblioteca Miguel de Cervantes - UNICAES | Biblioteca Miguel de Cervantes - UNICAES | Sala Principal | 13/08/2014 | Donación - Facultad de Ciencias y Humanidades | 020407 | 24 | 2 | 613.2 CON | 1020763 | 25/03/2026 | 20/03/2026 | 30.00 | 13/08/2014 | 1- Monografias |
| NULL | NULL | Dewey Decimal Classification | NULL | Prestable | NULL | NULL | Biblioteca Miguel de Cervantes - UNICAES | Biblioteca Miguel de Cervantes - UNICAES | Sala Principal | 13/08/2014 | Donación - Facultad de Ciencias y Humanidades | 020408 | 6 | 1 | 613.2 CON | 1020764 | 27/05/2019 | 27/05/2019 | 30.00 | 13/08/2014 | 1- Monografias |